000 00698nam a2200193Ii 4500
003 JO-AjNU
008 230605s9999||||xx |||||||||||||| ||und||
040 _aJO-AjNU
_bara
_erda
_cJO-AjNU
041 _aara
050 1 4 _aHF5655.A7.D4236 1985
100 3 _aضيف،خيرت / م.مشارك احمد بسيوني شحاته,
_eauthor
_945712
245 0 0 _aفي تطور الفكر المحاسبي
264 3 1 _aبيروت: دار النهضة العربية، 1985
300 _a397ص
_bيحتوي على ببلوغرافية من ص395-397ص
336 _atext
_btxt
_2rdacontent
337 _aunmediated
_bn
_2rdamedia
338 _avolume
_bnc
_2rdacarrier
650 4 _aالمحاسبة
_945713
999 _aA19835
_c23403
_d23403